1892 1817 1926 1244 1838 1819 1395 1464 1535 1091 1243 1488 1562 1087 1067 1844 1180 1843 1144 1246 1725 1753 1827 1206 1961 1224 1046 1641 1219 1864 1085 1245 1366 1373 1174 1492 1685 1018 1462 1874 1522 1627 1811 1177 1996 1316 1749 1347 1650 1625 1340 1724 1362 1536 1968 1248 1507 1058 1143 1348 1277 1220 1226 1140 1288 1701 1883 1653 1166 1070 1598 1623 1193 1423 1917 1476 1435 1220 1264 1538 1125 1180 1663 1253 1022 1964 1642 1725 1267 1172 1919 1379 1345 1015 1959 1161 1792 1092 1175 BCNSPRNW ULIB Ver.6.0+V

เปลี่ยนเป็นภาษาไทย

Change to English
 แสดงรายละเอียดบรรณานุกรม
  กลับหน้าหลัก

Brief Record : Get Marc (ISO 2709) : E-mail record : QR code < ปิดหน้าต่าง
LEADER : 00000nam 2200000uu 4500
001    13399122222
003     ULIB
008    130114s||||||||th 000 0 tha d
020    ^a9786169020257
060  4 ^aWY157^bส727ก
100 0  ^aสินีนาฏ หงษ์ระนัย
245 10 ^aการพยาบาลในระยะคลอด :^bหลักฐานเชิงประจักษ์จากงานวิจัย =Intrapartum nursing care : the evidence based-practice /^cสินีนาฏ หงษ์ระนัย
246 30 ^aIntrapartum nursing care : the evidence based-practice
250    ^aพิมพ์ครั้งที่ 1
260    ^aกรุงเทพฯ :^bแดเน็กซ์ อินเตอร์คอร์ปอเรชั่น,^c2555
300    ^a165 หน้า :^bภาพประกอบ
505 0  ^a^tการปฏิบัติการพยาบาลตามหลักฐานเชิงประจักษ์ - -^tความรู้พื้นฐานเกี่ยวกับการคลอด - -^tการเปลี่ยนแปลงทางสรีรวิทยาและจิตสังคมในระยะที่หนึงของการคลอด - -^tการพยาบาลระยะที่หนึ่งของการคลอด - -^tหลักฐานเชิงประจักษ์ในการดูแลในระยะที่หนึ่งของการคลอด - -^tการเปลี่ยนแปลงทางสรีรวิทยาและการพยาบาลในระยะที่สองของการคลอด - -^tหลักฐานเชิงประจักษ์ในการดูแลในระยะที่สองของการคลอด - -^tการเปลี่ยนแปลงทางสรีรวิทยาและการพยาบาลในระยะที่สามของการคลอด - -^tหลักฐานเชิงประจักษ์ในการดูแลในระยะที่สามของการคลอด
650  7 ^aการพยาบาลสูติศาสตร์
650  7 ^aการคลอด
650  7 ^aสูติศาสตร์
945    ^p320^l0^i19679
945    ^p320^l0^i19680
999    ^aใช้งานได้ทุกระบบ
รายการนี้ยังไม่มีแท็ก
คุณยังไม่ได้ล็อกอิน คุณสามารถมีกิจกรรมร่วมกับเว็บไซต์ได้ แต่ต้องล็อกอินก่อน ::
  ล็อกอิน

รายการสื่อสารสนเทศ

ลำดับที่ ประเภท เลขเรียก/บาร์โค้ด สถานที่ สถานะ
1. วิทยาศาสตร์การแพทย์ และสุขภาพ
วิทยาศาสตร์การแพทย์ และสุขภาพ
สถานะ=หนังสือเก่า
WY157 ส727ก  
  Barcode: 19679
ห้องสมุดวิทยาเขตนครสวรรค์
►ส่วนจัดเก็บหนังสือเก่า นว.
บนชั้น
  ขอยืม
2. วิทยาศาสตร์การแพทย์ และสุขภาพ
วิทยาศาสตร์การแพทย์ และสุขภาพ
สถานะ=หนังสือเก่า
WY157 ส727ก ฉ.2 
  Barcode: 19680
ห้องสมุดวิทยาเขตนครสวรรค์
►ส่วนจัดเก็บหนังสือเก่า นว.
บนชั้น
  ขอยืม

รายการใกล้เคียง
    ผู้แต่ง [สินีนาฏ หงษ์ระนัย]

    หัวเรื่อง [การพยาบาลสูติศาสตร์]
    หัวเรื่อง [การคลอด]
    หัวเรื่อง [สูติศาสตร์]

BibComment


ยังไม่เคยถูกคอมเมนท์

คอมเมนท์ทรัพยากรรายการนี้
  คอมเมนท์: การพยาบาลในระยะค..


 Copyright 2026. Bcnsprnw @Library